| 000 | 00761 a2200217 4500 | ||
|---|---|---|---|
| 001 | 42479 | ||
| 005 | 20260407155714.0 | ||
| 008 | 260407a2009 arg spa d | ||
| 003 | AR-UNSa-BCEJYS | ||
| 040 |
_aAR-UNSa-BCEJYS _bspa _cAR-UNSa-BCEJYS |
||
| 080 |
_a174:65 _xEtica en gestión y organización de la industria (Responsabilidad Social Empresaria) |
||
| 245 | 1 | 0 | _aSeminario de integración y aplicación en proyectos sociales (RSU) |
| 020 | _a978-950-29-1173-1 | ||
| 264 | 1 |
_aBuenos Aires : _b[s.n.] _c2009 |
|
| 300 |
_a207 p. _c21 cm. |
||
| 505 | _a1. Desarrollo humano y gerencia social: reflexiones abiertas / Heloísa Primavera - 2. | ||
| 041 | _aspa | ||
| 942 | _cBK | ||
| 590 | _aniveau_biblio:m niveau_hierar:0 | ||
| 100 | 1 | _aSaravia, Federico | |
| 999 |
_c3616 _d3616 |
||